[Event "Senta op 23rd"]
[Site "Senta"]
[Date "2019.07.21"]
[Round "3"]
[White "Nadj Hedjesi, Balind"]
[Black "Vranic, Ljubomir"]
[Result "1/2-1/2"]
[WhiteElo "2298"]
[BlackElo "2225"]
[PlyCount "109"]
[EventDate "2019.07.19"]
[EventType "swiss"]
[EventRounds "9"]
[EventCountry "SRB"]
[SourceTitle "EXT 2020"]
[Source "ChessBase"]
[SourceDate "2019.10.17"]
[SourceVersion "1"]
[SourceVersionDate "2019.10.17"]
[SourceQuality "1"]

1. d4 c5 2. dxc5 Na6 3. a3 Nxc5 4. b4 Ne6 5. g3 Qc7 6. Bg2 d6 7. Bb2 Nf6 8. Nc3 Bd7 9. Nf3 Rg8 10. e4 g6 11. 0-0 Bg7 12. Re1 0-0-0 13. Rb1 Be8 14. Qe2 Nf8 15. a4 Kb8 16. a5 Rc8 17. Bf1 e5 18. b5 Ne6 19. b6 axb6 20. Ba3 Nc5 21. Rxb6 Bc6 22. Nxe5 dxe5 23. Bxc5 Bf8 24. Bxf8 Rgxf8 25. Reb1 Nd7 26. R6b4 Qxa5 27. Nd5 Rfe8 28. Bh3 Rcd8 29. Bxd7 Rxd7 30. Nf6 Red8 31. Nxd7+ Rxd7 32. Qc4 Qc7 33. Qe2 f5 34. f3 Qd6 35. Qe3 Qf6 36. exf5 gxf5 37. Re1 Rd5 38. c4 f4 39. Qf2 fxg3 40. Qxg3 Ra5 41. Rb3 Ka8 42. Ree3 Qd6 43. Red3 Qc5+ 44. Kg2 Ra2+ 45. Kh3 Qe7 46. Qg8+ Ka7 47. c5 Bd7+ 48. Kg3 Ra6 49. Ra3 e4 50. Rxa6+ bxa6 51. fxe4 Qe5+ 52. Kf3 Qf6+ 53. Kg3 Qe5+ 54. Kg2 Qxe4+ 55. Rf3 1/2-1/2

[Event "Senta op 23rd"]
[Site "Senta"]
[Date "2019.07.21"]
[Round "4"]
[White "Vranic, Ljubomir"]
[Black "Nomin Erdene, Davaademberel"]
[Result "0-1"]
[WhiteElo "2225"]
[BlackElo "2397"]
[PlyCount "67"]
[EventDate "2019.07.19"]
[EventType "swiss"]
[EventRounds "9"]
[EventCountry "SRB"]
[SourceTitle "EXT 2020"]
[Source "ChessBase"]
[SourceDate "2019.10.17"]
[SourceVersion "1"]
[SourceVersionDate "2019.10.17"]
[SourceQuality "1"]

1. d4 f5 2. c4 Nf6 3. Nc3 g6 4. g3 Bg7 5. Bg2 0-0 6. Nh3 Nc6 7. Nf4 d6 8. d5 Ne5 9. Qb3 c5 10. dxc6 bxc6 11. h4 Rf7 12. h5 gxh5 13. Nd3 Nxd3+ 14. exd3 Bd7 15. Bg5 Rb8 16. Qc2 Qa5 17. Rc1 Qb4 18. b3 e5 19. Kf1 Re8 20. Bf3 h6 21. Bxf6 Rxf6 22. Rxh5 Qb6 23. Kg2 Be6 24. Re1 Qc7 25. Qc1 Qd7 26. Rh4 Bf7 27. Kg1 d5 28. Na4 e4 29. Bg2 Qd6 30. cxd5 cxd5 31. Qc5 Qd7 32. Rd1 Rc6 33. Qb4 Qc7 34. Qe1 0-1

[Event "Subotica City-ch"]
[Site "Subotica"]
[Date "2019.03.08"]
[Round "6"]
[White "Vranic, Ljubomir"]
[Black "Slavic, Nikola"]
[Result "1/2-1/2"]
[WhiteElo "2260"]
[BlackElo "1919"]
[PlyCount "27"]
[EventDate "2019.02.25"]
[EventType "swiss"]
[EventRounds "9"]
[EventCountry "SRB"]
[SourceTitle "CBM 189 Extra"]
[Source "ChessBase"]
[SourceDate "2019.06.03"]
[SourceVersion "1"]
[SourceVersionDate "2019.06.03"]
[SourceQuality "1"]

1. d4 d5 2. c4 e6 3. Nc3 Nf6 4. Nf3 Be7 5. Bg5 Nbd7 6. e3 0-0 7. Be2 Re8 8. 0-0 dxc4 9. Bxc4 b6 10. Qe2 Bb7 11. Ba6 Bxa6 12. Qxa6 c5 13. Rac1 cxd4 14. Nxd4 1/2-1/2

[Event "Subotica City-ch"]
[Site "Subotica"]
[Date "2019.03.04"]
[Round "4"]
[White "Lorincz, Laszlo V"]
[Black "Vranic, Ljubomir"]
[Result "0-1"]
[WhiteElo "1839"]
[BlackElo "2260"]
[PlyCount "62"]
[EventDate "2019.02.25"]
[EventType "swiss"]
[EventRounds "9"]
[EventCountry "SRB"]
[SourceTitle "CBM 189 Extra"]
[Source "ChessBase"]
[SourceDate "2019.06.03"]
[SourceVersion "1"]
[SourceVersionDate "2019.06.03"]
[SourceQuality "1"]

1. d4 d6 2. h3 Nf6 3. Nf3 g6 4. Bf4 Bg7 5. e3 0-0 6. Nbd2 c5 7. c3 Nc6 8. Be2 Re8 9. Bb5 Qb6 10. Qb3 cxd4 11. Bxc6 Qxc6 12. cxd4 Be6 13. Qa3 Qb5 14. Ng5 Bd5 15. e4 h6 16. Be3 Bc6 17. d5 Bxd5 18. exd5 hxg5 19. Qb3 Qxd5 20. Qxd5 Nxd5 21. Bxg5 Bxb2 22. Rb1 Bc3 23. Rxb7 Rab8 24. Rxb8 Rxb8 25. Ke2 Rb2 26. Rd1 f6 27. Be3 Rxa2 28. Kf3 Nxe3 29. Kxe3 Rxd2 30. Rxd2 Bxd2+ 31. Kxd2 Kf7 0-1

[Event "Vojvodina-chT 2nd League"]
[Site "Novi Sad"]
[Date "2018.11.11"]
[Round "4.2"]
[White "Subotic, Srbislav"]
[Black "Vranic, Ljubomir"]
[Result "1/2-1/2"]
[WhiteElo "2126"]
[BlackElo "2227"]
[PlyCount "44"]
[EventDate "2018.11.09"]
[EventType "team-tourn"]
[EventRounds "11"]
[EventCountry "SRB"]
[SourceTitle "CBM 187 Extra"]
[Source "ChessBase"]
[SourceDate "2018.11.04"]
[SourceVersion "1"]
[SourceVersionDate "2018.11.04"]
[SourceQuality "1"]
[WhiteTeam "Nova Pazova Mladost"]
[BlackTeam "Senta"]
[WhiteTeamCountry "SRB"]
[BlackTeamCountry "SRB"]

1. e4 d6 2. d4 Nf6 3. Nc3 c6 4. f4 g6 5. Nf3 Bg7 6. e5 Nfd7 7. Be3 f6 8. Bc4 d5 9. Bd3 Qb6 10. Qd2 Nf8 11. 0-0-0 Bg4 12. Be2 f5 13. h3 Bxf3 14. Bxf3 e6 15. g4 Nbd7 16. gxf5 exf5 17. h4 h5 18. Rhg1 Qb4 19. Qe2 Nb6 20. a3 Qe7 21. Bf2 Bh6 22. Bg3 Ne6 1/2-1/2